| 000 | 00366nam a22001217a 4500 | ||
|---|---|---|---|
| 082 |
_a519.2 _bAm6i |
||
| 100 | 1 | _aAmoin, Marvin P. | |
| 245 | _aIdentification of probability distribution through maximum feature space correlation | ||
| 260 |
_aMorong, Rizal _b[publisher not identified] _c2010 |
||
| 300 |
_a50 leaves ; _c28 cm. |
||
| 650 | _aProbabilities. | ||
| 942 | _cT | ||
| 999 |
_c15582 _d15582 |
||